Fundamentals of Fracture Mechanics / (Record no. 532567)

000 -LEADER
fixed length control field 01188cam a2200337 a 4500
001 - CONTROL NUMBER
control field 15013610
003 - CONTROL NUMBER IDENTIFIER
control field MSOHAIL
005 - DATE AND TIME OF LATEST TRANSACTION
control field 20191125160533.0
008 - FIXED-LENGTH DATA ELEMENTS--GENERAL INFORMATION
fixed length control field 070919s2008 flua b 001 0 eng
010 ## - LIBRARY OF CONGRESS CONTROL NUMBER
LC control number 2007038845
015 ## - NATIONAL BIBLIOGRAPHY NUMBER
National bibliography number GBA797523
Source bnb
016 7# - NATIONAL BIBLIOGRAPHIC AGENCY CONTROL NUMBER
Record control number 014458627
Source Uk
020 ## - INTERNATIONAL STANDARD BOOK NUMBER
International Standard Book Number 9780849384325 (alk. paper)
020 ## - INTERNATIONAL STANDARD BOOK NUMBER
International Standard Book Number 084938432X (alk. paper)
035 ## - SYSTEM CONTROL NUMBER
System control number (OCoLC)ocn173480461
035 ## - SYSTEM CONTROL NUMBER
System control number (OCoLC)173480461
Canceled/invalid control number (OCoLC)166358366
038 ## - RECORD CONTENT LICENSOR
Staff Name MSOHAIL
040 ## - CATALOGING SOURCE
Original cataloging agency DLC
Transcribing agency DLC
Modifying agency DLC
050 00 - LIBRARY OF CONGRESS CALL NUMBER
Classification number TA409
Item number .K86 2008
082 00 - DEWEY DECIMAL CLASSIFICATION NUMBER
Classification number 620.1126
Edition number 22
100 1# - MAIN ENTRY--PERSONAL NAME
Personal name Kundu, T.
Fuller form of name (Tribikram)
9 (RLIN) 26158
245 10 - TITLE STATEMENT
Title Fundamentals of Fracture Mechanics /
Statement of responsibility, etc. Tribikram Kundu.
260 ## - PUBLICATION, DISTRIBUTION, ETC.
Place of publication, distribution, etc. Boca Raton, FL :
Name of publisher, distributor, etc. CRC Press,
Date of publication, distribution, etc. c2008.
300 ## - PHYSICAL DESCRIPTION
Extent 286 p. :
Other physical details ill. ;
Dimensions 25 cm.
504 ## - BIBLIOGRAPHY, ETC. NOTE
Bibliography, etc. note Includes bibliographical references and index.
650 #0 - SUBJECT ADDED ENTRY--TOPICAL TERM
Topical term or geographic name entry element Fracture mechanics.
9 (RLIN) 1528
856 41 - ELECTRONIC LOCATION AND ACCESS
Materials specified Table of contents only
Uniform Resource Identifier <a href="http://www.loc.gov/catdir/toc/ecip0727/2007038845.html">http://www.loc.gov/catdir/toc/ecip0727/2007038845.html</a>
906 ## - LOCAL DATA ELEMENT F, LDF (RLIN)
a 7
b cbc
c orignew
d 1
e ecip
f 20
g y-gencatlg
942 ## - ADDED ENTRY ELEMENTS (KOHA)
Source of classification or shelving scheme
Koha item type Book
Holdings
Withdrawn status Lost status Source of classification or shelving scheme Damaged status Not for loan Permanent Location Current Location Date acquired Total Checkouts Full call number Barcode Date last seen Price effective from Koha item type
          School of Civil and Environmental Engineering (SCEE) School of Civil and Environmental Engineering (SCEE) 11/25/2019   620.1126 NIT-12431 11/25/2019 11/25/2019 Book
© 2023 Central Library, National University of Sciences and Technology. All Rights Reserved.